Transits of venus-new views of the solar system and galaxy (Record no. 15963)
[ view plain ]
| 000 -LEADER | |
|---|---|
| fixed length control field | 00858nam a2200217Ia 4500 |
| 003 - CONTROL NUMBER IDENTIFIER | |
| control field | IN-BaIIA |
| 008 - FIXED-LENGTH DATA ELEMENTS--GENERAL INFORMATION | |
| fixed length control field | 211028s9999 xx 000 0 eng d |
| 020 ## - INTERNATIONAL STANDARD BOOK NUMBER | |
| International Standard Book Number | 0-521-84907-1 |
| 040 ## - CATALOGING SOURCE | |
| Transcribing agency | IIA Library |
| 080 ## - UNIVERSAL DECIMAL CLASSIFICATION NUMBER | |
| Universal Decimal Classification number | 082.2:52 |
| Item number | IAU-C196 |
| 111 ## - MAIN ENTRY--MEETING NAME | |
| Meeting name or jurisdiction name as entry element | Colloquium of the International Astronomical Union |
| Number of part/section/meeting | 196th |
| Location of meeting | Lancashire |
| Date of meeting or treaty signing | 2004 June 7-11 |
| 9 (RLIN) | 29477 |
| 245 #0 - TITLE STATEMENT | |
| Title | Transits of venus-new views of the solar system and galaxy |
| Remainder of title | proceedings of IAU Colloquium 196 held in Preston, Lancashire, 7-11 June 2004 |
| Statement of responsibility, etc. | edited by D. W. Kurtz |
| 260 ## - PUBLICATION, DISTRIBUTION, ETC. | |
| Place of publication, distribution, etc. | Cambridge |
| Name of publisher, distributor, etc. | Cambridge University Press |
| Date of publication, distribution, etc. | 2004 |
| 300 ## - PHYSICAL DESCRIPTION | |
| Extent | xvi, 538p. |
| 490 ## - SERIES STATEMENT | |
| Series statement | IAU symposium and colloquium proceedings series; no. 196 |
| 650 ## - SUBJECT ADDED ENTRY--TOPICAL TERM | |
| Topical term or geographic name entry element | Planet |
| 9 (RLIN) | 3877 |
| 650 ## - SUBJECT ADDED ENTRY--TOPICAL TERM | |
| Topical term or geographic name entry element | Transit |
| 9 (RLIN) | 1327 |
| 650 ## - SUBJECT ADDED ENTRY--TOPICAL TERM | |
| Topical term or geographic name entry element | Venus |
| 9 (RLIN) | 1328 |
| 700 ## - ADDED ENTRY--PERSONAL NAME | |
| Personal name | Kurtz, D. W., ed. |
| 9 (RLIN) | 24220 |
| 942 ## - ADDED ENTRY ELEMENTS (KOHA) | |
| Koha item type | Books |
| Withdrawn status | Lost status | Damaged status | Not for loan | Home library | Current library | Shelving location | Date acquired | Source of acquisition | Total Checkouts | Full call number | Barcode | Date last seen | Price effective from | Koha item type | Purchase Price |
|---|---|---|---|---|---|---|---|---|---|---|---|---|---|---|---|
| IIA Library-Bangalore | IIA Library-Bangalore | General Stacks | 17/10/2005 | CAM | 082.2:52/ IAU-C196 | 16885 | 05/11/2021 | 17/10/2005 | Books | £ 50.00 |